Datum a čas kvízu

38.5 Celkem bodů Celkový počet nahraných bodů na tomto kvízu bez doplňovacích otázek.
4. Pořadí na kvízu Konečné umístění týmu na tomto kvízu.

Zaznamenané odpovědi

# Otázka Odpověď Body Výsledky
1. "Po ___ společných letech plný... třiceti 1
2. Ve které evropské zemi vyhrála... v Chorvatsku 0
3. Která česká kapela, která prav... UDG 1
4. České vývojářské studio Warhor... Kingdom Come: Deliverance 0
5. Americké atletky nebyly při př... Nike 1
6. Bolívie má, stejně jako několi... Sucre; La Paz 1
7. Chemický prvek hafnium dostal... o Kodaň 1
8. Nyní vám dáme na výběr, zda si... Windhoek; Manila 1
9. Které malebné a nepříliš lidna... Lublaň 1
10. Napište, které hlavní město (s... Reykjavík; Wellington 1